00742nam a2200205 a 450000100060000000300080000600500170001400800410003103500190007204000260009104100080011708200250012511000510015024501840020125000130038526000730039830000250047150000190049665000210051561406BD-RjUL20211209080946.0010223s1952 nyua i001 0 eng d a(BD-RjUL)61530 aBD-RjULbengcBD-RjUL aeng 223a341.23bUNE 19532 aUnited Nations.bOffice of Public Information.10aEveryman's United Nations :ba ready reference to the structure, functions and work of the United Nations and its related agencies /cUnited Nations. Office of Public Information. a4th. ed. aNew York :bUnited Nations, Department of Public Information,c1953. avi, 433 p. ;c22 cm. aIncludes index aUnited Nations.